The Malaysian services sector : case for development and trade /
Saved in:
| Main Author: | |
|---|---|
| Format: | Thesis Book |
| Language: | English |
| Published: |
2002.
|
| Subjects: | |
| Tags: |
Add Tag
No Tags, Be the first to tag this record!
|
| LEADER | 01018nam a2200253 a 4500 | ||
|---|---|---|---|
| 001 | u698608 | ||
| 003 | SIRSI | ||
| 008 | 040929s2002 my t 00 10 eng m | ||
| 035 | |a ADC-7319 | ||
| 040 | |a UMM |d UMK | ||
| 090 | |a HF1008 |b UM 2002 Yau | ||
| 098 | |a HF1008 |b UM 2002 Yau | ||
| 100 | 1 | 0 | |a Yau, David Hoo Seng. |
| 245 | 1 | 4 | |a The Malaysian services sector : |b case for development and trade / |c David Yau Hoo Seng. |
| 260 | |c 2002. | ||
| 300 | |a 50 leaves : |b ill. ; |c 30 cm. | ||
| 502 | |a Dissertation (M.B.A.) -- Fakulti Perniagaan dan Perakaunan, Universiti Malaya, 2002. | ||
| 504 | |a Bibliography: leaves 49-50. | ||
| 650 | 0 | |a Service industries |x Malaysia | |
| 710 | 2 | 0 | |a Universiti Malaya. |b Fakulti Perniagaan dan Perakaunan. |
| 948 | |a 29/09/2004 |b 29/09/2004 | ||
| 596 | |a 1 19 | ||
| 999 | |a HF1008 UM 2002 YAU |w LC |c 1 |i A511702259 |d 10/1/2010 |e 10/1/2010 |f 5/5/2005 |g 1 |l STACKS |m P01UTAMA |n 2 |r Y |s Y |t TESIS |u 25/4/2005 | ||
| 999 | |a HF1008 UM 2002 YAU |w LC |c 1 |i A511853551 |d 8/6/2005 |f 8/6/2005 |g 1 |l STACKS |m P19KOTA |r Y |s Y |t TESIS |u 8/6/2005 | ||
